Okáli, I.: Stratégia oživenia alebo prežitia? Bratislava, ELITA 1993. 96 s.

Bibliographic Details
Main Authors: Rendek, Ignác, 1920-2003 (Author), Okáli, Ivan, 1929- (Author)
Format: Article
Language:Slovak
ISSN:0013-3035
Subjects:

MARC

LEADER 00000nab a2200000 a 4500
001 vtls000523555
003 SK-MaSNL
005 20260304094852.0
008 250425c1993 xo 0 slo
015 |a SNBRB19rr/mm-uuuuu 
035 |a CL0523693 
035 |a urn:nbn:sk:snk-ab6rn8 
035 |a (uuid)6d1ce41a-4a49-4b6d-8c9c-a6f3411e4fee 
035 |a (urnnbn)urn:nbn:sk:snk:ar-a05h2j 
035 |a (sysno)vtls000523555 
040 |a SNKBUCL  |b slo  |c SNKBUCL  |e AACR2 
041 0 |a slo 
044 |a xo  |c SK 
080 |a 338.1(437.6)(048)  |2 1981 
100 1 |a Rendek, Ignác,  |d 1920-2003  |4 aut  |9 39328 
245 1 0 |a Okáli, I.: Stratégia oživenia alebo prežitia? Bratislava, ELITA 1993. 96 s.  |c Ignác Rendek 
650 0 7 |a ekonomika SR  |2 snkbucl  |9 963262 
655 7 |a články z novín a časopisov  |2 snkbucl  |9 267496 
700 1 |a Okáli, Ivan,  |d 1929-  |4 aut  |9 117216 
773 0 |t Ekonomický časopis  |g Roč. 41, č. 3 (1993), s. 239-240  |x 0013-3035 
787 0 8 |i Rec.:  |a Okáli, Ivan  |t Stratégia oživenia alebo prežitia?  |d Bratislava : ELITA, 1993 
850 |a Slovenská národná knižnica 
852 |a Slovenská národná knižnica 
954 |a odborná, vedecká literatúra pôvodná (slovenská)  |2 lita 
958 |a article27 
958 |a RK 
958 |a NX 
958 |a OND 
958 |a EUIPO 
992 |a RBX 
999 |c 2829381  |d 2831311